<?xml version="1.0" encoding="UTF-8"?>
<record
    xmlns:xsi="http://www.w3.org/2001/XMLSchema-instance"
    xsi:schemaLocation="http://www.loc.gov/MARC21/slim http://www.loc.gov/standards/marcxml/schema/MARC21slim.xsd"
    xmlns="http://www.loc.gov/MARC21/slim">

  <leader>01435nam a2200229Ia 4500</leader>
  <controlfield tag="001">b6965-50467 </controlfield>
  <controlfield tag="003">IT-MiCISF</controlfield>
  <controlfield tag="005">20250716140306.0</controlfield>
  <controlfield tag="008">161014s9999||||xx |||||||||||||| ||und||</controlfield>
  <datafield tag="040" ind1=" " ind2=" ">
    <subfield code="a">IT-MiCISF</subfield>
    <subfield code="c">IT-MiCISF</subfield>
  </datafield>
  <datafield tag="041" ind1=" " ind2=" ">
    <subfield code="a">it</subfield>
  </datafield>
  <datafield tag="100" ind1=" " ind2=" ">
    <subfield code="a">Montano Antonella, Andriola Elda</subfield>
    <subfield code="9">62481</subfield>
  </datafield>
  <datafield tag="245" ind1=" " ind2="0">
    <subfield code="a">Parlare di omosessualit&#xE0; a scuola.</subfield>
    <subfield code="b">Riflessioni e attivit&#xE0; per la scuola secondaria</subfield>
  </datafield>
  <datafield tag="260" ind1=" " ind2=" ">
    <subfield code="a"> Trento,</subfield>
    <subfield code="b">Erickson,</subfield>
    <subfield code="c">2011</subfield>
  </datafield>
  <datafield tag="300" ind1=" " ind2=" ">
    <subfield code="a">pp. 130</subfield>
  </datafield>
  <datafield tag="500" ind1=" " ind2=" ">
    <subfield code="a"> / omosessualit&#xE0;, adolescenza, scuola, societ&#xE0;, famiglia </subfield>
  </datafield>
  <datafield tag="520" ind1=" " ind2=" ">
    <subfield code="a">Cosa vuol dire per un giovane gay o una giovane lesbica subire quotidianamente atti di violenza verbale o fisica da parte di eterosessuali? Comcc'&#xE8; la loro vita? Come ci si sente a essere esclusi e vittimizzati? Ci sono ragazzi che sopportano il peso di crescere sentendosi etichettati come &#xAB;diversi&#xBB;. La scuola rappresenta il contesto ideale per avvicinare questi giovani in difficolt&#xE0;, fornendo loro sostegno e rassicurazione e garantendo un ambiente libero da pregiudizi. Questo libro vuole essere una guida e un'occasione di riflessione per imparare a conoscere l'omosessualit&#xE0;, per affacciarsi con sguardo consapevole al panorama di omofobia e di pregiudizio che la circonda e per comprendere le aspirazioni, le difficolt&#xE0;, i desideri di ragazzi e ragazze omosessuali. </subfield>
  </datafield>
  <datafield tag="650" ind1=" " ind2=" ">
    <subfield code="a"> Sessualit&#xE0; </subfield>
  </datafield>
  <datafield tag="654" ind1=" " ind2=" ">
    <subfield code="a">saggio</subfield>
  </datafield>
  <datafield tag="942" ind1=" " ind2=" ">
    <subfield code="c">BK</subfield>
    <subfield code="2">ddc</subfield>
  </datafield>
  <datafield tag="999" ind1=" " ind2=" ">
    <subfield code="c">210024</subfield>
    <subfield code="d">210024</subfield>
  </datafield>
  <datafield tag="999" ind1=" " ind2=" ">
    <subfield code="b">si</subfield>
  </datafield>
  <datafield tag="952" ind1=" " ind2=" ">
    <subfield code="0">0</subfield>
    <subfield code="1">0</subfield>
    <subfield code="4">0</subfield>
    <subfield code="6">B_696550467</subfield>
    <subfield code="7">1</subfield>
    <subfield code="a">CISF</subfield>
    <subfield code="b">CISF</subfield>
    <subfield code="d">2016-10-14</subfield>
    <subfield code="l">0</subfield>
    <subfield code="o">b6965-50467 </subfield>
    <subfield code="r">2016-10-14 00:00:00</subfield>
    <subfield code="w">2016-10-14</subfield>
    <subfield code="y">BK</subfield>
    <subfield code="z">Data import 15.10.2016 / by Epidotti, Vaglietti</subfield>
  </datafield>
</record>
